| 000 | 00791nam a2200241 i 4500 | ||
|---|---|---|---|
| 001 | 87612 | ||
| 003 | ES-MaACL | ||
| 005 | 20250728221708.0 | ||
| 007 | t| | ||
| 008 | 160302s2000 sp ||||1| spa d | ||
| 020 | _a84-493-0974-3 | ||
| 100 | 1 |
_aBlumenberg, Hans. _929590 |
|
| 245 | 1 | 3 |
_aLa legibilidad del mundo / _cHans Blumenberg ; [traducción de Pedro Madrigal Devesa. |
| 260 |
_aBarcelona : _bPaidós Ibérica, _c[2000] |
||
| 300 |
_a413 p. ; _c23 cm. |
||
| 490 | 1 |
_aPaidós básica ; _v106 |
|
| 650 | 7 |
_aFilosofía de la naturaleza _2embne _912839 |
|
| 650 | 4 |
_aCiencia- _xFilosofía. _910950 |
|
| 700 | 1 |
_aMadrigal Devesa, Pedro. _9158918 |
|
| 830 | 1 |
_aPaidós básica ; _v106 _9178397 |
|
| 852 | 4 |
_aES-MaACL _jL-30234 _z- Donat. Miguel A. Velasco |
|
| 999 |
_c87612 _d87612 |
||